| 000 | 00671cam a22002171 4500 | ||
|---|---|---|---|
| 001 | af 48002531 | ||
| 003 | DLC | ||
| 005 | 20260227110856.0 | ||
| 008 | 751111s1946 gw 000 0 ger c | ||
| 010 | _aaf 48002531 | ||
| 035 | _a(OCoLC)1824709 | ||
| 040 |
_aYale Univ. Library _cTxWB _dDLC |
||
| 042 | _apremarc | ||
| 050 | 0 | 0 |
_aPT2635.I65 _bA17 1946 |
| 100 | 1 |
_aRilke, Rainer Maria, _d1875-1926. |
|
| 245 | 0 | 0 |
_aAusgewählte Gedichte. _c[Ausgewählt von Katharina Kippenberg] |
| 260 |
_aHamburg, _bC. Wegner, _c1946. |
||
| 300 |
_a159 p. _c19 cm. |
||
| 500 | _a"Sonderausgae mit Genehmigung des Insel-Verlages." | ||
| 700 | 1 |
_aKippenberg, Katharina, _d1876-1947, _ecomp. |
|
| 999 |
_c5072 _d5072 |
||